000
00263nam a22001097a 4500
082
_a
621.902 DEN'P
100
_a
DENT, P
_9
59226
245
_a
PRODUCTION ENGINEERING FOR HIGHER NATIONAL CERTIFICATE
260
_a
LONDON
_b
EUP
_c
1958
300
_a
227P
942
_c
BK
999
_c
569255
_d
569255